Statistics for Famous Williams

Click here to take the quiz!

General Stats

  • This quiz has been taken 31 times
  • The average score is 7 of 12

Answer Stats

Answer% Correct
Robin
97%
Serena
97%
Venus
93%
Smith
83%
Shatner
80%
Shakespeare
77%
Robbie
67%
Pharrell
60%
Mckinley
37%
Michelle
13%
Gladstone
10%
Wordsworth
10%

Score Distribution

Percentile by Number Answered

Percent of People with Each Score

Your Score History

You have not taken this quiz